| 000 | 00531nam a2200193Ia 4500 | ||
|---|---|---|---|
| 003 | GCL | ||
| 008 | 140319s9999 xx 000 0 eng d | ||
| 040 |
_aGCL / _cGCL |
||
| 082 | 0 | 4 |
_a973.072 _bD A |
| 100 | 1 | _aLYTLE, MARK | |
| 245 | 1 | 0 |
_aAFTER THE FACT: THE ART OF HISTORICAL DETECTION / _cLYTLE, MARK |
| 700 | 1 | _aDAVIDSON, JAMES WEST | |
| 260 |
_a[S.N] : _bMC GRAW - HILL ، _c1992 |
||
| 300 | _a398 P | ||
| 650 | 0 | 4 | _aHISTORY |
| 650 | 0 | 4 | _aUNITED STATES - HISTOGRAPHY |
| 650 | 0 | 4 | _aUNITED STATES - HISTORY |
| 942 |
_2ddc _cBK |
||
| 999 |
_c13869 _d13869 |
||